Представление документа в формате RUSMARC

Поле Инд. ПП Название Значение
Тип записи a
Библиографический уровень m
001 Контрольный номер f0a01c30891249278a2d480614602c29
005 Дата корректировки 20230210141658.4
101 0_ a Язык текста rus
102 a Страна публикации RU
200 1_ a Заглавие Конструктивное моделирование одежды
b Общее обозначение материала Электронный ресурс
e Сведения, относящиеся к заглавию методические указания по выполнению курсовой работы
e Сведения, относящиеся к заглавию дисциплина «Конструктивное моделирование одежды»
e Сведения, относящиеся к заглавию направление 29.03.05 «Конструирование изделий легкой промышленности»
210 1_ a Место издания Орел
c Издательство Изд-во ОГУ имени И. С. Тургенева
d Дата издания 2023
215 a Объем 57 с.
330 a Аннотация Методические указания содержат как общие требования к оформлению, так и требования к основным разделам по выполнению курсовой работы. Структура методических указаний соответствует порядку изложения и содержанию основных разделов курсовой работы. Предназначены студентам, обучающимся по направлению 29.03.05 «Конструирование изделий легкой промышленности», изучающим дисциплину «Конструктивное моделирование одежды» очной формы обучения.
610 0_ a Ключевые слова РИО
a Ключевые слова полнотекстовые документы
700 _1 a Фамилия Гнеушева
b Имя Е. М.
701 _1 a Фамилия Родичева
b Имя М. В.
801 _0 a Страна RU
b Организация ОГУ имени И. С. Тургенева, НБ
g Правила каталогизации PSBO
801 _1 a Страна RU
b Организация ОГУ имени И. С. Тургенева, НБ
g Правила каталогизации PSBO
900 a Макрообъекты gneysheva_konstrukt_modelirov_odezhdy_MU_kursovaya_rabota
901 t Тип документа m
952 a Тип литературы для КСУ ВШ учебная
c Вид литературы учебно-методическое издание
i Дисциплина Конструктивное моделирование одежды
j Специальность Конструирование изделий легкой промышленности